Statistiques concernant Trouve les paroles - Alexandrie Alexandra - Claude François

Cliquez ici pour prendre le quiz!

Statistiques générales

  • Ce quiz a été pris 114 fois
  • Le résultat moyen est 149 sur 208

Statistiques - réponses

Réponse% Correct
le
98%
Les
95%
les
95%
Alexandrie
93%
la
93%
La
93%
du
92%
je
91%
Je
91%
Alexandra
90%
mélodie
89%
ma
88%
d'Alexandrie
86%
de
86%
encore
86%
même
86%
si
86%
phare
85%
port
85%
lumière
84%
Chantent
83%
papillons
83%
sirènes
83%
tu
82%
jeunesse
80%
Barracuda
79%
Nil
78%
dans
77%
J'ai
76%
j'ai
76%
d'appétit
75%
pas
75%
plus
75%
Qu'un
75%
sur
75%
te
75%
tout
74%
vie
73%
ta
72%
tes
72%
71%
suis
71%
bras
69%
et
65%
Et
65%
filles
65%
danse
63%
des
63%
boirai
61%
n'me
60%
draps
56%
l'amour
55%
naufrager
55%
reviens
55%
avec
54%
Fait
54%
toi
54%
Voiles
54%
nuit
53%
ce
52%
Ce
52%
au
49%
froid
48%
meurs
48%
retiens
46%
fond
43%
barques
41%
Barques
41%
commence
40%
soir
40%
crue
39%
fièvre
38%
mangerai
38%
finit
34%
wowo
20%
Ah aaah
11%

Distribution des résultats

Percentile par nombre de réponses

% des personnes avec chaque résultat

Votre développement - résultats

Vous n’avez pas pris ce quiz